00457nam a2200157 a 4500008004100000020001500041050001600056100002300072245004700095250001200142260005400154300002200208350000900230650003400239650002600273120416s1983 ||||||||||||||||| || u a0133158535 aHG 4011 Van aVan Horne, James C10aFinancial management and policy. (6th ed.) a6th ed. aEnglewood Cliffs, [N.J.]:bFT Prentice-Hallc1983 axvii, 749p.: ill. a0.00 0aFINANCE--DEVELOPING COUNTRIES aCORPORATIONS--FINANCE